000 00427nam a2200169Ia 4500
005 20250508161810.0
008 008 250505s9999 xx 000 0 hin d
037 _aTextual
040 _aFEDL
_beng
_cFEDL
041 _ahin
_2eng
084 _aFH, PAN
_qFEDL
100 _aPandey Veerendra Kumar
_9771581
245 0 _aBaba ka khajana
300 _a42p.
942 _cTEXL
_hFH, PAN
999 _c1372272
_d1372272